000 00724nam a2200229Ia 4500
003 GCL
008 140319s9999 xx 000 0 ara d
040 _aGCL /
_cGCL
082 0 4 _a709.04
_bح م
100 1 _aحسين محمد حسن
245 1 0 _aمذاهب الفن المعاصر شرح مفصل لجميع الاتجاهات الفنية الحديثة /
_cحسين محمد حسن
260 _a[S.N] :
_bدار الفكر العربى
490 _a
650 0 4 _aالفن
650 0 4 _aالرمزية
650 0 4 _aالفن الحديث
650 0 4 _aالتعبيرية
650 0 4 _aالتكعيبية
650 0 4 _aالفنون التجريدية
650 0 4 _aالسيريالية
942 _2ddc
_cBK
999 _c36368
_d36368